| 000 | 00623nam a22001337a 4500 | ||
|---|---|---|---|
| 082 |
_a894.812.3 _bHOM/S |
||
| 100 | _aHOLMES, SHERLOCK | ||
| 245 | _aSHERLOCK HOMES SMBOORNNA KRITHIKAL | ||
| 260 |
_aTRIVANDRUM _bUNIVERSAL PRESS & PUBLICATIONS _c2013 |
||
| 300 | _a782 | ||
| 520 | _aSherlock Holmes is a private detective who has keen powers of observation. He lives at 221b Baker Street in London. He notices things that others simply don't and then he draws accurate conclusions about what he sees. He experiences strong mood swings, plays the violin, and is a master of deductive reasoning. | ||
| 650 | _aNOVEL | ||
| 942 | _cBK | ||
| 999 |
_c4043 _d4043 |
||